000 01963nam0a2200385 4500
001 RU\NLR\BIBL_A\016356700
005 20230628162536.0
010 _a978-5-09-100258-4
_91500
021 _aRU
_bКН-П-24-015489
_9КН-П-24-1638
021 _aRU
_bКН-П-23-020540
_9КН-П-23-2044
021 _aRU
_bКН-П-24-074979
_9КН-П-24-7493
035 _a(NLR Aleph) 016356700
090 _a13138008
_c13138008
100 _a20230426d2023 e y0rusy50 ca
101 0 _arus
102 _aRU
105 _aacbhj|||000zy
200 1 _aИстория
_iВсеобщая история
_iИстория Нового времени, XIX-начало XX века
_e9 класс
_eучебник
_fА. Я. Юдовская, П. А. Баранов, Л. М. Ванюшкина [и др.]
_gпод редакцией А. А. Искендерова
205 _a5-е изд., перераб.
210 _aМосква
_cПросвещение
_d2023
215 _a270 [1] с.
_cил., цв. ил., портр., карты, факс., табл.
_d24
225 1 _aФГОС
300 _aНа обл. подзаг. незначительно изменен
300 _aАвт. указаны на обороте тит. с.
320 _aБиблиогр.: с. 259-260
606 1 _aВсеобщая история
_z19 - нач. 20 вв.
_jУчебники для средней школы
_2nlr_sh2
_3RU\NLR\AUTH\661475801
686 1 _aТ3(0)52я72
701 1 _aВанюшкина
_bЛ. М.
_gЛюбовь Максимовна
_3RU\NLR\AUTH\773904
701 1 _aЮдовская
_bА. Я.
_gАнна Яковлевна
_3RU\NLR\AUTH\773906
701 1 _aБаранов
_bП. А.
_cд-р пед. наук
_gПётр Анатольевич
_3RU\NLR\AUTH\773903
702 1 _aИскендеров
_bА. А.
_f1927-
_gАхмед Ахмедович
_4340
942 _cBOOK
980 _aNB